000 nam a22 a 4500
999 _c61439
_d61439
003 BLK
005 20220727093843.0
008 180408b bul|||||r ||||||| ||bul||
010 _aKNG00065641000
040 _aBLK
041 _aBUL
_cBUL
080 _aГеометрия. Топология вж 515.1
_b514
_z514
100 1 _aЕвклид
_eпърви автор
_966514
139 _aЕвклид
_bЕ 17
245 1 0 _aЕлементи
_bВ 3 т.
_cЕвклид; ред. Боян Петканчин; прев. от рус. Владимир Чуканов.
_nТ. 2
_pКн. VII - Х
257 _aDRG
260 _bНаука и изкуство
_c1973
_aСофия
300 _c23 см
_a407 с.
380 _a5
490 _aПоредица Математическа класика
_9205822
650 4 _aЕвклидова геометрия
_9154111
653 _aгеометрия
700 1 _aПетканчин, Боян
_eред.
_9370047
700 1 _aЧуканов, Владимир
_eпрев. от рус.
_9370048
760 1 _aЕвклид
_d1973
_h407 с.
_tТ. 2 Кн. VII - Х
852 _aЦб 63648
856 4 _qpdf
856 4 _qpdf
942 _cKNG
_n0
_s1
944 _aCR
_c13.06.2004
_kЦветанка_Енчева
944 _aED
_c20.10.2006
999 _d61439